| 000 | 00364nam a2200121Ia 4500 | ||
|---|---|---|---|
| 008 | 220120s9999||||xx |||||||||||||| ||und|| | ||
| 020 | _a81-203-0156-0 | ||
| 100 | _aBoylestad, Robert, L Nashelsky, Louis | ||
| 245 | 0 | _aElectronic devices and circuit theory | |
| 260 |
_aPrentice hall of india _bPune _c2002 |
||
| 300 |
_aXIX, 950p. _b395 |
||
| 650 | _aNETWORK ANALYSIS | ||
| 999 |
_c131961 _d131961 |
||